Statistics for Bodies of Water around European Russia

Click here to take the quiz!

General Stats

  • This quiz has been taken 70 times
  • The average score is 5 of 7

Answer Stats

Answer% Correct
{Black} Sea
90%
{Caspian} Sea
77%
{White} Sea
70%
Gulf of {Finland}
63%
Sea of {Azov}
63%
{Barents} Sea
55%
{Kara} Sea
40%

Score Distribution

Percentile by Number Answered

Percent of People with Each Score

Your Score History

You have not taken this quiz